000 00712nam a2200253Ia 4500
003 OSt
005 20220918163328.0
006 a|||||r|||| 00| 0
007 ta
008 220917b |||||||| |||| 00| 0 eng d
020 _a0 571 10394 4
024 _a32,368
037 _cTextual
040 _aARTS
_cARTS
_beng
041 _2eng
_aeng
082 _aO111,2NST,2, L3
100 _aStoppard Tom
_912696
245 0 _aArtist decending a steircase and where are they now
_b Two Plays for radio
260 _aLondon
_bFaber and Faber UK
_c1973
300 _a79p.
_ccm.
650 _aENGLISH LITERATURE
942 _hO111,2NST,2, L3
_cTEXL
_2CC
999 _c119120
_d119120